Vplyv ratingových agentúr na finančné trhy diplomová práca

Gespeichert in:
Bibliographische Detailangaben
1. Verfasser: Veľká, Simona
Körperschaft: Podnikovohospodárska fakulta EU so sídlom v Košiciach. Katedra ekonómie
Weitere Verfasser: Verner, Robert, 1986-
Format: Buch
Sprache:Slowakisch
Veröffentlicht: Košice 2017
Tags: Tag hinzufügen
Keine Tags, Fügen Sie das erste Tag hinzu!

MARC

LEADER 00000nbm a2200000 4500
001 0231721
005 20240827093159.7
041 0 |a slo 
044 |a SK 
245 1 0 |a Vplyv ratingových agentúr na finančné trhy  |b diplomová práca  |c Simona Veľká ; školiteľ: Robert Verner 
264 1 |a Košice  |c 2017 
300 |a 63 s. 
100 1 |a Veľká, Simona 
700 1 |a Verner, Robert, 1986- 
710 2 |a Podnikovohospodárska fakulta EU so sídlom v Košiciach. Katedra ekonómie